| 000 | 01042nam a22003137a 4500 | ||
|---|---|---|---|
| 001 | BR2010005326 | ||
| 003 | BR-BrBNA | ||
| 005 | 20230928103426.0 | ||
| 007 | ta | ||
| 008 | 230509b bl.||||| |||| 00| 0 por d | ||
| 040 |
_aBR-BrBNA _bpor _cBiblioteca Nacional de Agricultura |
||
| 041 | _a(Por) | ||
| 072 |
_aH10; H20; F30 _b2120 |
||
| 090 | _ 2120 BR2010005326 | ||
| 110 | 1 |
_aMinistério da Agricultura e Abastecimento, Brasília, DF (Brasil) _97185 |
|
| 110 | 1 | _aMinistério da Indústria, Comércio e Turismo, Brasília, DF (Brasil) | |
| 111 | 1 |
_a23. Congresso Brasileiro de Pesquisas Cafeeiras _cManhuaçu, MG (Brazil) _d28-31 Oct 1997 |
|
| 245 | 1 | _a23. Congresso Brasileiro de Pesquisas Cafeeiras; trabalhos apresentados | |
| 260 | 3 |
_aBrasília, DF (Brasil): _c1997. |
|
| 300 | _a249 p. | ||
| 650 | _aCAFÉ | ||
| 650 | _aPLANTIO | ||
| 650 | _aDOENÇA DE PLANTA | ||
| 650 | _aPRAGA DE PLANTA | ||
| 650 | _aADUBAÇÃO | ||
| 650 | _aMELHORAMENTO GENÉTICO VEGETAL | ||
| 909 |
_a202309 _bLucia _c55 _dLucia Elande |
||
| 942 | _cBK | ||
| 999 |
_c75059 _d75059 |
||